Visualizzazione normale
Vista MARC
- Allocchio Stefano (Gioia)
di Personal Name
Records bibliografici associati: 1
001 - CONTROL NUMBER
- control field: 3656
003 - CONTROL NUMBER IDENTIFIER
- control field: IT-RoPau
005 - DATE AND TIME OF LATEST TRANSACTION
- control field: 20131125214317.0
008 - FIXED-LENGTH DATA ELEMENTS
- fixed length control field: 131125|| aca||aabn | a|a d
040 ## - CATALOGING SOURCE
- Original cataloging agency: IT-RoPau
- Transcribing agency: IT-RoPau
100 ## - HEADING--PERSONAL NAME
- Personal name: Allocchio Stefano (Gioia)
- Dates associated with a name: Codice autore testo/musica SPICS: 22722
- Relator term: Autore testo/musica
- Name of part/section of a work: Nessuno al mondo
670 ## - SOURCE DATA FOUND
- Source citation: Work cat.: (IT-RoPau)100133: AA.VV. 794, Tutti al mare (disco)